Statistics for Capital of Japanese Prefectures

Click here to take the quiz!

General Stats

  • This quiz has been taken 57 times
    (49 since last reset)
  • The average score is 38 of 47

Answer Stats

RegionPrefectureCapital% Correct
HokkaidōHokkaidoSapporo
100%
KansaiKyotoKyoto
96%
KansaiOsakaOsaka
96%
KantōChibaChiba
92%
ChūbuGifuGifu
92%
ChūgokuHiroshimaHiroshima
92%
KansaiNaraNara
92%
ChūbuNiigataNiigata
92%
KantōSaitamaSaitama
92%
ChūbuShizuokaShizuoka
92%
KantōTokyoTokyo
92%
ChūbuToyamaToyama
92%
TōhokuAomoriAomori
88%
ChūbuFukuiFukui
88%
KyūshūFukuokaFukuoka
88%
TōhokuFukushimaFukushima
88%
KyūshūNagasakiNagasaki
88%
ChūbuAichiNagoya
88%
KyūshūŌitaŌita
88%
KyūshūSagaSaga
88%
KansaiWakayamaWakayama
88%
TōhokuYamagataYamagata
88%
TōhokuAkitaAkita
84%
KyūshūKagoshimaKagoshima
84%
KyūshūKumamotoKumamoto
84%
KyūshūMiyazakiMiyazaki
84%
ChūbuNaganoNagano
84%
ChūgokuOkayamaOkayama
84%
ShikokuTokushimaTokushima
84%
ChūgokuTottoriTottori
84%
ChūgokuYamaguchiYamaguchi
84%
KansaiHyōgoKōbe
80%
ShikokuKōchiKōchi
80%
KyūshūOkinawaNaha
80%
KantōKaganawaYokohama
80%
ChūbuIshikawaKanazawa
76%
KansaiShigaŌtsu
72%
TōhokuMiyagiSendai
72%
ChūbuYamanashiKōfu
64%
KantōGunmaMaebashi
64%
ChūgokuShimaneMatsue
64%
TōhokuIwateMorioka
64%
KansaiMieTsu
64%
KantōTochigiUtsunomiya
60%
ShikokuEhimeMatsuyama
52%
KantōIbarakiMito
52%
ShikokuKagawaTakamatsu
52%

Score Distribution

Percentile by Number Answered

Percent of People with Each Score

Your Score History

You have not taken this quiz since the last reset